The mother Commentaries on the dhammapada / (Record no. 135509)

MARC details
000 -LEADER
fixed length control field 00747nam a22002297a 4500
003 - CONTROL NUMBER IDENTIFIER
control field dpl
005 - DATE AND TIME OF LATEST TRANSACTION
control field 20180814124123.0
008 - FIXED-LENGTH DATA ELEMENTS--GENERAL INFORMATION
fixed length control field 180814b xxu||||| |||| 00| 0 eng d
010 ## - LIBRARY OF CONGRESS CONTROL NUMBER
LC control number B-109021
020 ## - INTERNATIONAL STANDARD BOOK NUMBER
Terms of availability 40.00
International Standard Book Number 8170581338
035 ## - SYSTEM CONTROL NUMBER
System control number B-109021, A-752982
037 ## - SOURCE OF ACQUISITION
Source of stock number/acquisition Cen Lib/Ret
040 ## - CATALOGING SOURCE
Original cataloging agency DPL
Language of cataloging EN
Transcribing agency 0
082 ## - DEWEY DECIMAL CLASSIFICATION NUMBER
Classification number 181.499
Item number COM
245 ## - TITLE STATEMENT
Title The mother Commentaries on the dhammapada /
260 ## - PUBLICATION, DISTRIBUTION, ETC. (IMPRINT)
Place of publication, distribution, etc Pondicherry
Name of publisher, distributor, etc Sri Arbindo Ashram Publications
Date of publication, distribution, etc 2005
270 ## - ADDRESS
Address Pondicherry
City Pondicherry
Postal code 605002
300 ## - PHYSICAL DESCRIPTION
Extent 118p. :
Dimensions 17cm(pbk)
Other physical details ill.
650 ## - SUBJECT ADDED ENTRY--TOPICAL TERM
Topical term or geographic name as entry element Tipiṭaka.--Suttapiṭaka.
9 (RLIN) 14862
650 ## - SUBJECT ADDED ENTRY--TOPICAL TERM
Topical term or geographic name as entry element Tipiṭaka.--Suttapiṭaka.--Khuddakanikāya.--Dhammapada
9 (RLIN) 97470
942 ## - ADDED ENTRY ELEMENTS (KOHA)
Source of classification or shelving scheme Dewey Decimal Classification
Koha item type English Books
Classification part 181.499
Call number suffix COM
Holdings
Withdrawn status Lost status Damaged status Not for loan Home library Current library Date acquired Source of acquisition Cost, normal purchase price Total Checkouts Total Renewals Full call number Barcode Date last seen Date checked out Copy number Cost, replacement price Price effective from Koha item type Source of classification or shelving scheme Collection code
        Central Library Central Library 06/10/2015 Cen Lib/Ret 40.00 2 1 181.499 COM B-109021 24/10/2024 14/10/2024 1 40.00 06/10/2015 English Books    
        Shahdara Branch Shahdara Branch 14/08/2018 BPPD/PUB 0.00     181.499 COM A-752982 14/08/2018     0.00 14/08/2018 English Books Dewey Decimal Classification Non-fiction

© Delhi Public Library
Hit Counter
free hit counter